Introductory statistics (Record no. 6806)

MARC details
000 -LEADER
fixed length control field 01226nam a22001577a 4500
020 ## - INTERNATIONAL STANDARD BOOK NUMBER
ISBN 0321263405
050 ## - CALL NUMBER
Classification number QA276.12
Item number .W445
100 ## - AUTHOR
Personal name N A Weiss
245 ## - TITLE
Title Introductory statistics
Statement of responsibility, etc N A Weiss
250 ## - EDITION
Edition statement 7th (International) ed
260 ## - PUBLICATION INFORMATION
Place of publication Reading, Mass. :
Name of publisher Addison Wesley,
Year of publication 2005 (i.e. 2004)
300 ## - DESCRIPTION
Number of Pages xxix, 846 pages :;
Other physical details illustrations (some color)
Dimensions 24 cm + 1 computer optical disc (4 3/4 in.)
500 ## - NOTES
General note Includes index
505 ## - FORMATTED CONTENTS NOTE
Table of Content 1. The Nature of Statistics 2. Organizing Data 3. Descriptive Measures 4. Probability Concepts 5. Discrete Random Variables 6. The Normal Distribution 7. The Sampling Distribution of the Sample Mean 8. Confidence Intervals for One Population Mean 9. Hypothesis Tests for One Population Mean 10. Inferences for Two Population Means 11. Inferences for Population Standard Deviations 12. Inferences for Population Proportions 13. Chi-Square Procedures 14. Descriptive Methods in Regression and Correlation 15. Inferential Methods in Regression and Correlation 16. Analysis of Variance (ANOVA) Module A: Multiple Regression Analysis (on CD) Module B: Model Building in Regression (on CD) Module C: Design of Experiments and Analysis of Variance (on CD)
942 ## - ADDED ENTRY ELEMENTS (KOHA)
Koha item type Books
Holdings
Withdrawn status Lost status Collection code Home library Current library Shelving location Date acquired Full call number Accession Number Koha item type
    Non-fiction Methodist University Library Main Methodist University Library Main General Stacks 25/11/2019 QA276.12 .W445 36865 Books
    Non-fiction Methodist University Library Main Methodist University Library Main General Stacks 25/11/2019 QA276.12 .W445 36831 Books
    Non-fiction Methodist University Library Main Methodist University Library Main General Stacks 25/11/2019 QA276.12 .W445 36833 Books
Copyright © 2026  MUG Library